Econometría / (Registro nro. 5832)

Detalles MARC
000 -LEADER
fixed length control field 01231nam a2200313Ia 4500
003 - CONTROL NUMBER IDENTIFIER
control field OSt
005 - DATE AND TIME OF LATEST TRANSACTION
control field 20200616150230.0
008 - FIXED-LENGTH DATA ELEMENTS--GENERAL INFORMATION
fixed length control field 191128t2009 ck ad fr 001 0dund d
020 ## - INTERNATIONAL STANDARD BOOK NUMBER
International Standard Book Number 9786071502940
040 ## - CATALOGING SOURCE
Original cataloging agency CO-JMCR
Transcribing agency CO-JMCR
041 1# - LANGUAGE CODE
Language code of text/sound track or separate title spa
Language code of original eng
082 04 - DEWEY DECIMAL CLASSIFICATION NUMBER
Classification number 330.015195 /
Item number G841e3
Edition number 23
100 1# - MAIN ENTRY--PERSONAL NAME
Personal name Gujarati, Damodar N.,
Relator term autor
9 (RLIN) 5429
245 10 - TITLE STATEMENT
Title Econometría /
Statement of responsibility, etc. Damodar N. Gujarati y Dawn C. Porter ; traductora Pilar Carril Villareal
250 ## - EDITION STATEMENT
Edition statement Quinta edición
260 ## - PUBLICATION, DISTRIBUTION, ETC.
Place of publication, distribution, etc. Bogotá :
Name of publisher, distributor, etc. McGraw-Hill,
Date of publication, distribution, etc. ©2009
300 ## - PHYSICAL DESCRIPTION
Extent xxii, 921 páginas :
Other physical details gráficos a blanco y negro ;
Dimensions 27 cm.
490 0# - SERIES STATEMENT
Series statement Educación
500 ## - GENERAL NOTE
General note Incluye índice analítico y de nombres.
500 ## - GENERAL NOTE
General note Incluye datos biográficos de los autores.
504 ## - BIBLIOGRAPHY, ETC. NOTE
Bibliography, etc. note Bibliografía: páginas 902-903
505 0# - FORMATTED CONTENTS NOTE
Formatted contents note Modelos de regresión uniecuacionales -- Flexibilización de los supuestos del modelo clásico -- Temas de econometría -- Modelos de ecuaciones simultáneas y econometría de series de tiempo
534 ## - ORIGINAL VERSION NOTE
Introductory phrase Econometric
546 ## - LANGUAGE NOTE
Language note Traducido del inglés
650 14 - SUBJECT ADDED ENTRY--TOPICAL TERM
Topical term or geographic name entry element Econometría
9 (RLIN) 5440
700 1# - ADDED ENTRY--PERSONAL NAME
Personal name Porter, Dawn C.,
Relator term autor
9 (RLIN) 5441
700 1# - ADDED ENTRY--PERSONAL NAME
Personal name Carril Villareal, Pilar,
Relator term traductora
9 (RLIN) 5442
942 ## - ADDED ENTRY ELEMENTS (KOHA)
Source of classification or shelving scheme Dewey Decimal Classification
Koha item type Books
Existencias
Withdrawn status Lost status Source of classification or shelving scheme Damaged status Not for loan Collection code Home library Current library Date acquired Source of acquisition Cost, normal purchase price Total Checkouts Total Renewals Full call number Barcode Date last seen Date last checked out Copy number Koha item type
    Dewey Decimal Classification     Non-fiction Biblioteca Pública José María del Castillo y Rada Biblioteca Pública José María del Castillo y Rada 04/15/2018 Donación 0.00 8 3 330.015195 / G841e3 430005064 10/09/2024 10/08/2024 Ej.1 Books